| 000 | 00387 a2200169 4500 | ||
|---|---|---|---|
| 001 | 192031 | ||
| 020 | _a978-85-7164-763-3 | ||
| 040 | _cMagnum | ||
| 100 | _aGaarder, Jostein | ||
| 240 | 1 | 0 |
_aAtravés do espelho _lpor |
| 245 | 1 | 0 | _aAtravés do espelho |
| 300 | _a141 | ||
| 362 | 0 | _a1998 | |
| 440 | 1 | _aCompanhia das Letras | |
| 697 | _aLITERATURA JUVENIL ESTRANGEIRA | ||
| 942 | _cBK | ||
| 999 |
_c192031 _d192031 |
||